[Event "Blitz chess"]
[Site "SchemingMind.com"]
[Date "2008.05.04"]
[Round "-"]
[White "alejandroales"]
[Black "startstek"]
[Result "0-1"]
[WhiteCountry "ARG"]
[BlackCountry "ALG"]
[WhiteElo "1711"]
[WhiteRD "82"]
[BlackElo "2153"]
[BlackRD "116"]
[GameID "153411"]

1. e4 e5 2. Nf3 Nc6 3. c3 Nf6 4. d4 Nxe4 5. d5 Nb8 6. Nxe5 Qe7 7. Qd4 Nd6 8. Qe3 Nf5 9. Qe2 d6 10. Nd3 Nd7
11. Nd2 Nf6 12. Qxe7+ Bxe7 13. c4 Nd4 14. Rb1 Bf5 15. b3 Nc2+ 16. Kd1 Bxd3 17. Bxd3 Nb4 18. Bf5 Nxa2 19. Bb2 O-O 20. Re1 Bd8
21. Nf3 Nb4 22. g4 g6 23. Bc2 Nxg4 24. h3 Nxf2+ 25. Ke2 Nxc2
0-1

[Event "Blitz chess"]
[Site "SchemingMind.com"]
[Date "2008.05.04"]
[Round "-"]
[White "startstek"]
[Black "alejandroales"]
[Result "1-0"]
[WhiteCountry "ALG"]
[BlackCountry "ARG"]
[WhiteElo "2076"]
[WhiteRD "141"]
[BlackElo "1673"]
[BlackRD "90"]
[GameID "153412"]

1. e4 e6 2. d4 d5 3. Nc3 Bb4 4. e5 c5 5. a3 Bxc3+ 6. bxc3 Qa5 7. Bd2 Qa4 8. Qg4 Ne7 9. Qxg7 Rg8 10. Qxh7 cxd4
11. Ne2 Nbc6 12. f4 Bd7 13. g3 O-O-O 14. Qd3 dxc3 15. Nxc3 Qd4 16. Rb1 Nf5 17. Nb5 Qa4 18. Bh3 Nce7 19. Rb4 Bxb5 20. Qc3+
1-0

[Event "Blitz chess"]
[Site "SchemingMind.com"]
[Date "2008.05.04"]
[Round "-"]
[White "Joe Daudish"]
[Black "startstek"]
[Result "0-1"]
[WhiteCountry "USA"]
[BlackCountry "ALG"]
[WhiteElo "1748"]
[WhiteRD "44"]
[BlackElo "2153"]
[BlackRD "116"]
[GameID "153473"]

1. d4 Nf6 2. Nf3 g6 3. Bf4 Bg7 4. h3 O-O 5. e3 d6 6. Bc4 d5 7. Bb3 c5 8. c3 Nc6 9. Nbd2 b6 10. O-O Ba6
11. Re1 Ne4 12. Nxe4 dxe4 13. Nd2 Bd3 14. Bc4 Bxc4 15. Nxc4 Qd5 16. Nd2 f5 17. Qb3 Qxb3 18. Nxb3 cxd4 19. exd4 e5 20. dxe5 Bxe5
21. Bxe5 Nxe5 22. Nd4 Nd3 23. Re2 Rac8 24. a3 Nc5 25. a4 a5 26. Nb5 Rcd8 27. b4 Ne6 28. bxa5 bxa5 29. Rc2 Rd7 30. c4 Rc8
31. Rac1 Rc5 32. Kf1 Kf7 33. g3 Nd8 34. Ke2 Nc6 35. Rc3 Nb4 36. Rd1 Rxd1 37. Kxd1 Nd3 38. Ke2 Nb2 39. Nd6+ Ke6 40. Nb7 Rxc4
0-1

[Event "Blitz chess"]
[Site "SchemingMind.com"]
[Date "2008.05.04"]
[Round "-"]
[White "Joe Daudish"]
[Black "alejandroales"]
[Result "1/2-1/2"]
[WhiteCountry "USA"]
[BlackCountry "ARG"]
[WhiteElo "1758"]
[WhiteRD "44"]
[BlackElo "1673"]
[BlackRD "90"]
[GameID "153474"]

1. d4 Nf6 2. Nf3 e6 3. Bf4 c5 4. e3 d5 5. c3 Nc6 6. Bd3 Be7 7. O-O O-O 8. Nbd2 a6 9. Ne5 Nxe5 10. Bxe5 Nd7
11. Bg3 b5 12. a3 Bb7 13. dxc5 Nxc5 14. Nb3 Nxb3 15. Qxb3 Qd7 16. Qc2 h6 17. Rfe1 Rac8 18. Rad1 Rfd8 19. Qe2 Bf6 20. Qg4 Qc6
21. f3 a5 22. Bh4 Bxh4 23. Qxh4 Qd6 24. Bxb5 Qb6 25. a4 Bc6 26. c4 Bxb5 27. cxb5 Rc4 28. Rd4 Rdc8 29. Red1 e5 30. Rxc4 Qxe3+
31. Qf2 Qxf2+ 32. Kxf2 Rxc4 33. Rxd5 Rxa4 34. Rxe5 Rb4 35. b6 Rxb2+ 36. Kg3 Rxb6=
1/2-1/2

[Event "Blitz chess"]
[Site "SchemingMind.com"]
[Date "2008.05.04"]
[Round "-"]
[White "startstek"]
[Black "Joe Daudish"]
[Result "1-0"]
[WhiteCountry "ALG"]
[BlackCountry "USA"]
[WhiteElo "2076"]
[WhiteRD "141"]
[BlackElo "1758"]
[BlackRD "44"]
[GameID "153475"]

1. e4 e6 2. d4 d5 3. Nd2 dxe4 4. Nxe4 Nd7 5. Nf3 Ngf6 6. Nxf6+ Nxf6 7. Bd3 Be7 8. Bg5 h6 9. Bh4 b6 10. Qe2 Bb7
11. O-O-O O-O 12. Kb1 Re8 13. Ne5 Qc8 14. Rhe1 c5 15. dxc5 Qxc5 16. g4 a5 17. g5 Nh7 18. g6 Ng5 19. Bxg5 Bxg5 20. gxf7+ Kf8
21. Nd7+
1-0

[Event "Blitz chess"]
[Site "SchemingMind.com"]
[Date "2008.05.04"]
[Round "-"]
[White "alejandroales"]
[Black "Joe Daudish"]
[Result "1-0"]
[WhiteCountry "ARG"]
[BlackCountry "USA"]
[WhiteElo "1673"]
[WhiteRD "90"]
[BlackElo "1758"]
[BlackRD "44"]
[GameID "153476"]

1. e4 e6 2. d4 d5 3. Nc3 dxe4 4. Nxe4 Be7 5. Nf3 Nf6 6. Bd3 Nbd7 7. O-O Nxe4 8. Bxe4 Nf6 9. Bd3 b6 10. Ne5 Bb7
11. Bb5+ Kf8 12. c3 Qd5 13. Qf3 Qxf3 14. gxf3 a6 15. Bc6 Bxc6 16. Nxc6 Bd6 17. f4 Ke8 18. Re1 g6 19. Bd2 h5 20. f3 Nd5
21. Ne5 Ke7 22. Kf2 c5 23. Re2 Rac8 24. Rae1 cxd4 25. cxd4 Rc2 26. f5 gxf5 27. Bg5+ f6 28. Rxc2 Bxe5 29. dxe5 fxg5 30. Rec1 Kd7
31. a3 a5 32. Rc6 g4 33. Rd6+ Ke7 34. Rcc6 Rh6 35. Rxd5 exd5 36. Rxh6
1-0

[Event "Blitz chess"]
[Site "SchemingMind.com"]
[Date "2008.05.10"]
[Round "-"]
[White "Krizar"]
[Black "alejandroales"]
[Result "0-1"]
[WhiteCountry "CRO"]
[BlackCountry "ARG"]
[WhiteElo "1506"]
[WhiteRD "95"]
[BlackElo "1711"]
[BlackRD "82"]
[GameID "154318"]

1. Nf3 d5 2. g3 c6 3. Bg2 Nf6 4. O-O Bf5 5. d3 Nbd7 6. Nbd2 e6 7. Qe1 Be7 8. e4 Bg6 9. a4 O-O 10. Nb3 Re8
11. exd5 exd5 12. Qd1 Qc7 13. a5 Bd6 14. Re1 Rxe1+ 15. Qxe1 Re8 16. Qd1 Ne5 17. Nxe5 Bxe5 18. d4 Bd6 19. Bg5 Ne4 20. Be3 f5
21. Bxe4 dxe4 22. d5 Bf7 23. Nd4 f4 24. Bxf4 Bxf4 25. gxf4 Qxf4 26. dxc6 bxc6 27. Nxc6 Qg5+ 28. Kh1 Bd5 29. Nd4 e3+ 30. f3 e2
31. Qg1 Qf4
0-1

[Event "Blitz chess"]
[Site "SchemingMind.com"]
[Date "2008.05.10"]
[Round "-"]
[White "Krizar"]
[Black "Joe Daudish"]
[Result "1/2-1/2"]
[WhiteCountry "CRO"]
[BlackCountry "USA"]
[WhiteElo "1546"]
[WhiteRD "98"]
[BlackElo "1758"]
[BlackRD "44"]
[GameID "154319"]

1. e4 e6 2. d4 d5 3. Nd2 dxe4 4. Nxe4 Be7 5. Nf3 Nf6 6. Bd3 Nbd7 7. Nxf6+ Nxf6 8. Bg5 h6 9. Bh4 b6 10. Qe2 Bb7
11. Bb5+ c6 12. Bd3 O-O 13. Bxf6 Bxf6 14. Qe4 g6 15. Ne5 Bxe5 16. dxe5 Qd5 17. Qxd5=
1/2-1/2

[Event "Blitz chess"]
[Site "SchemingMind.com"]
[Date "2008.05.10"]
[Round "-"]
[White "alejandroales"]
[Black "Krizar"]
[Result "1-0"]
[WhiteCountry "ARG"]
[BlackCountry "CRO"]
[WhiteElo "1711"]
[WhiteRD "82"]
[BlackElo "1506"]
[BlackRD "95"]
[GameID "154322"]

1. d4 d5 2. c4 c6 3. Nf3 Nf6 4. e3 Bf5 5. b3 Nbd7 6. Bb2 e6 7. Be2 Be7 8. O-O O-O 9. Nc3 Qc7 10. Rc1 Bd6
11. cxd5 exd5 12. Nb5 Qb8 13. Nxd6 Qxd6 14. Ne5 Qe7 15. f4 Ne4 16. Bg4 Bxg4 17. Qxg4 Nxe5 18. dxe5 Qe6 19. f5 Qh6 20. Rf3 Qg5
21. Qxg5 Nxg5 22. Rf4 Rfe8 23. Rcf1 a5 24. f6 Ne6 25. Rg4 g6 26. h4 h5 27. Rg3 a4 28. e4
1-0

[Event "Blitz chess"]
[Site "SchemingMind.com"]
[Date "2008.05.10"]
[Round "-"]
[White "Joe Daudish"]
[Black "Krizar"]
[Result "1-0"]
[WhiteCountry "USA"]
[BlackCountry "CRO"]
[WhiteElo "1748"]
[WhiteRD "44"]
[BlackElo "1506"]
[BlackRD "95"]
[GameID "154323"]

1. d4 d5 2. Nf3 Nf6 3. Bf4 Bg4 4. h3 Bxf3 5. exf3 e6 6. Nd2 c5 7. Be3 cxd4 8. Bxd4 Nc6 9. Bb5 Be7 10. Bxc6+ bxc6
11. O-O c5 12. Bxf6 Bxf6 13. c3 O-O 14. Nb3 Qb6 15. Rb1 d4 16. cxd4 cxd4 17. Qd3 e5 18. Nd2 Be7 19. Nc4 Qe6 20. b3 Bc5
21. Rfe1 f6 22. f4 Bd6 23. Nxd6 Qxd6 24. fxe5 fxe5 25. Rbc1 Rac8 26. f3 Rc7 27. Rc4 Rfc8 28. Rxc7 Rxc7 29. Qb5 d3 30. Qe8+ Qf8
31. Qxe5 d2 32. Qd5+ Kh8 33. Qxd2 Qc5+ 34. Kh1 h6 35. Qd3
1-0

[Event "Blitz chess"]
[Site "SchemingMind.com"]
[Date "2008.05.11"]
[Round "-"]
[White "Schaakmaatje"]
[Black "startstek"]
[Result "0-1"]
[WhiteCountry "NED"]
[BlackCountry "ALG"]
[WhiteElo "1768"]
[WhiteRD "47"]
[BlackElo "2195"]
[BlackRD "108"]
[GameID "154465"]

1. d4 Nf6 2. Bg5 Ne4 3. Bh4 g6 4. f3 Nf6 5. e4 d6 6. Bc4 c6 7. Ne2 Bg7 8. Nbc3 O-O 9. O-O Nbd7 10. Bf2 e5
11. Qd2 Qc7 12. d5 c5 13. a4 Ne8 14. Rae1 a6 15. Nd1 b6 16. c3 f5 17. exf5 gxf5 18. f4 Rb8 19. Bg3 b5 20. axb5 axb5
21. Ba2 e4 22. c4 b4 23. Bb1 Kh8 24. Kh1 Ra8 25. Nf2 Nb6 26. Rc1 Nf6 27. h3 Qe7 28. Qe3 Nfxd5 29. cxd5 Nxd5 30. Qb3 Be6
31. Qc2 Ne3 32. Qd2 Nxf1 33. Rxf1 Ba2 34. Kh2 e3
0-1

[Event "Blitz chess"]
[Site "SchemingMind.com"]
[Date "2008.05.11"]
[Round "-"]
[White "Schaakmaatje"]
[Black "alejandroales"]
[Result "1-0"]
[WhiteCountry "NED"]
[BlackCountry "ARG"]
[WhiteElo "1743"]
[WhiteRD "46"]
[BlackElo "1673"]
[BlackRD "90"]
[GameID "154467"]

1. b4 d5 2. d4 c6 3. Bf4 Nf6 4. e3 Nbd7 5. Bd3 e6 6. c3 b6 7. Nd2 Bb7 8. Ne2 c5 9. a3 Rc8 10. O-O Be7
11. f3 O-O 12. Bg3 Re8 13. Re1 Nf8 14. Nf1 Ng6 15. Nf4 Bf8 16. Nxg6 hxg6 17. Be5 Bd6 18. Bxd6 Qxd6 19. Ng3 e5 20. dxe5 Rxe5
21. c4 Rce8 22. Nf1 d4 23. bxc5 bxc5 24. Qd2 dxe3 25. Rxe3 Qd4 26. Re1 Nh5 27. Kh1 Nf4 28. Rxe5 Rxe5 29. Be4 Bxe4 30. Qxf4 Rf5
31. Qxe4 Qf2 32. Ng3 Rf6 33. Rf1 Qa2 34. Rd1 Qxa3 35. Rd8+ Kh7 36. Qh4#
1-0

[Event "Blitz chess"]
[Site "SchemingMind.com"]
[Date "2008.05.11"]
[Round "-"]
[White "Schaakmaatje"]
[Black "Joe Daudish"]
[Result "1-0"]
[WhiteCountry "NED"]
[BlackCountry "USA"]
[WhiteElo "1760"]
[WhiteRD "46"]
[BlackElo "1748"]
[BlackRD "44"]
[GameID "154468"]

1. g4 d5 2. Bg2 Bxg4 3. c4 Be6 4. Qb3 Qc8 5. cxd5 Bd7 6. Nc3 c6 7. dxc6 Bxc6 8. e4 e6 9. d4 Nf6 10. Nge2 Be7
11. d5 exd5 12. exd5 Bd7 13. O-O O-O 14. d6 Nc6 15. dxe7 Re8 16. Bg5 Rxe7 17. Bxf6 gxf6 18. Ne4 Re6 19. Nf4 f5 20. Qg3+ Rg6
21. Nxg6 fxg6 22. Nf6+ Kg7 23. Nxd7 Qxd7 24. Rad1 Qe6 25. Qc7+ Kh6 26. Qxb7 Rc8 27. Rfe1 Ne5 28. Rxe5 Qc4 29. Re7 Kg5 30. Rxh7 Re8
31. Qxa7 Qc2 32. h4+ Kg4 33. Qd4+ Re4 34. f3+ Kg3 35. Qd2 Qxd2 36. Rxd2 Re1+ 37. Bf1 Kxf3 38. Rf2+ Kg3 39. Rg7 Kxh4 40. Rxg6 Kh5
41. Rg8 Re4 42. Be2+ Rg4+ 43. Bxg4+ fxg4 44. Rh2#
1-0

[Event "Blitz chess"]
[Site "SchemingMind.com"]
[Date "2008.05.11"]
[Round "-"]
[White "Schaakmaatje"]
[Black "Krizar"]
[Result "1-0"]
[WhiteCountry "NED"]
[BlackCountry "CRO"]
[WhiteElo "1743"]
[WhiteRD "46"]
[BlackElo "1546"]
[BlackRD "98"]
[GameID "154469"]

1. d4 d5 2. c4 c6 3. Nf3 Nf6 4. Bf4 Bf5 5. Nc3 e6 6. cxd5 cxd5 7. Ne5 Nbd7 8. Rc1 Bb4 9. e3 O-O 10. Be2 Rc8
11. O-O Nxe5 12. Bxe5 Bd6 13. Bxd6
1-0

[Event "Blitz chess"]
[Site "SchemingMind.com"]
[Date "2008.05.11"]
[Round "-"]
[White "startstek"]
[Black "Schaakmaatje"]
[Result "1-0"]
[WhiteCountry "ALG"]
[BlackCountry "NED"]
[WhiteElo "2153"]
[WhiteRD "116"]
[BlackElo "1760"]
[BlackRD "46"]
[GameID "154470"]

1. e4 c5 2. Nf3 Nc6 3. d4 cxd4 4. Nxd4 Nf6 5. Nc3 e5 6. Ndb5 a6 7. Nd6+ Bxd6 8. Qxd6 Qe7 9. Qd1 O-O 10. Bg5 Qe6
11. b3 b5 12. a4 Nd4 13. axb5 Bb7 14. Bxf6 Qxf6 15. bxa6 Bc6 16. Bd3 Qg5 17. O-O f5 18. f3 fxe4 19. Nxe4 Qe3+ 20. Kh1 d5
21. Qd2 Qxd2 22. Nxd2 Nb5 23. Rfe1 Rfe8 24. c4 Nd4 25. Ra5
1-0

[Event "Blitz chess"]
[Site "SchemingMind.com"]
[Date "2008.05.11"]
[Round "-"]
[White "alejandroales"]
[Black "Schaakmaatje"]
[Result "0-1"]
[WhiteCountry "ARG"]
[BlackCountry "NED"]
[WhiteElo "1673"]
[WhiteRD "90"]
[BlackElo "1743"]
[BlackRD "46"]
[GameID "154472"]

1. e4 c5 2. Nf3 Nc6 3. Bb5 a6 4. Bxc6 dxc6 5. c3 Bg4 6. Qe2 e6 7. O-O Nf6 8. h3 Bh5 9. Rd1 Be7 10. a4 O-O
11. Na3 b5 12. Nc2 Qc7 13. d4 Rfd8 14. Bg5 h6 15. Bh4 cxd4 16. cxd4 c5 17. axb5 axb5 18. Qxb5 Rxa1 19. Rxa1 Nxe4 20. Bxe7 Qxe7
21. dxc5 Bxf3 22. gxf3 Qg5+ 23. Kh2 Nxf2 24. Rg1 Qf4+ 25. Kg2 Nxh3 26. Kxh3 Qxf3+ 27. Rg3 Qh1+ 28. Kg4 f5+
0-1

[Event "Blitz chess"]
[Site "SchemingMind.com"]
[Date "2008.05.11"]
[Round "-"]
[White "Joe Daudish"]
[Black "Schaakmaatje"]
[Result "0-1"]
[WhiteCountry "USA"]
[BlackCountry "NED"]
[WhiteElo "1748"]
[WhiteRD "44"]
[BlackElo "1760"]
[BlackRD "46"]
[GameID "154473"]

1. d4 f5 2. Nf3 Nf6 3. Bf4 e6 4. h3 Be7 5. e3 O-O 6. Bc4 d5 7. Bb3 Bd7 8. Nbd2 c5 9. c3 Nc6 10. O-O Be8
11. Ne5 Rc8 12. Nxc6 Bxc6 13. dxc5 Bxc5 14. Nf3 Ne4 15. Nd4 Qf6 16. Nxc6 bxc6 17. Bc2 e5 18. Bh2 f4 19. exf4 exf4 20. Bxe4 dxe4
21. Qb3+ Kh8 22. Rae1 f3 23. Rxe4 fxg2 24. Rf4 gxf1=Q+ 25. Kxf1 Qg6 26. Qc4 Rxf4 27. Bxf4 Qf5 28. Bg3 Qxh3+ 29. Kg1 Qxg3+ 30. Kh1 Qxf2
31. b4 Qg1#
0-1

[Event "Blitz chess"]
[Site "SchemingMind.com"]
[Date "2008.05.11"]
[Round "-"]
[White "Krizar"]
[Black "Schaakmaatje"]
[Result "0-1"]
[WhiteCountry "CRO"]
[BlackCountry "NED"]
[WhiteElo "1546"]
[WhiteRD "98"]
[BlackElo "1743"]
[BlackRD "46"]
[GameID "154474"]

1. d4 d5 2. c4 c6 3. Nf3 e6 4. e3 f5 5. Bd3 Bd6 6. c5 Be7 7. Nbd2 Nf6 8. b4 O-O 9. O-O Bd7 10. Bb2 Be8
11. Qb3 Ne4 12. a4 Nd7 13. Rac1 Bf6 14. b5 Kh8
0-1

[Event "Blitz chess"]
[Site "SchemingMind.com"]
[Date "2008.05.11"]
[Round "-"]
[White "keen"]
[Black "startstek"]
[Result "0-1"]
[WhiteCountry "SCO"]
[BlackCountry "ALG"]
[WhiteElo "1796"]
[WhiteRD "57"]
[BlackElo "2153"]
[BlackRD "116"]
[GameID "154549"]

1. d4 Nf6 2. e3 c5 3. c3 e6 4. Bd3 d5 5. Nd2 Nc6 6. f4 Be7 7. Ngf3 Qc7 8. Ne5 Nd7 9. O-O O-O 10. Qf3 f5
11. g4 Nf6 12. g5 Ne4 13. Qh5 Nxe5 14. fxe5 g6 15. Qh6 Bxg5 16. Qh3 cxd4 17. Nf3 Bxe3+ 18. Bxe3 dxe3 19. Qg2 Nf2 20. Bc2 b6
21. Nd4 Qxe5 22. Nf3 Qg7 23. Rae1 f4 24. Nh4 Ba6 25. Rxf2 exf2+ 26. Qxf2 Rae8 27. Nf3 e5 28. Bb3 Bc4 29. Bc2 e4 30. Nd4 e3
31. Qf3 g5 32. b3 g4 33. Qd1 f3 34. Kh1 e2 35. Qb1 f2
0-1

[Event "Blitz chess"]
[Site "SchemingMind.com"]
[Date "2008.05.11"]
[Round "-"]
[White "keen"]
[Black "alejandroales"]
[Result "1-0"]
[WhiteCountry "SCO"]
[BlackCountry "ARG"]
[WhiteElo "1796"]
[WhiteRD "57"]
[BlackElo "1711"]
[BlackRD "82"]
[GameID "154551"]

1. d4 e6 2. e3 f5 3. Bd3 Nf6 4. Nd2 Be7 5. f4 O-O 6. Ngf3 d5 7. Ne5 Nbd7 8. O-O c6 9. g4 Nxe5 10. fxe5 Nxg4
11. Qf3 Qe8 12. h3 Nh6 13. Rf2 c5 14. c3 a6 15. Rg2 b5 16. Qg3 Qf7 17. Nf3 Kh8 18. e4 fxe4 19. Bxh6 gxh6 20. Nd2 exd3
21. Rf1 Qg8 22. Qxd3 Rxf1+ 23. Nxf1 Qf7 24. Nh2 Bd7 25. Ng4 Rg8 26. Kh1 Qf5 27. Nxh6 Rf8 28. Nxf5 Rxf5 29. Qg3 Rg5 30. Qh4 Rg7
31. Rxg7 Bxh4 32. Rxd7 cxd4 33. cxd4 Bf2 34. Rd6 Bxd4 35. Rxe6 Bxb2 36. Re8+ Kg7 37. e6 Bf6 38. Ra8 d4 39. Kg2 h5 40. Rxa6 d3
41. Kf3 Kf8 42. Ke3 Ke7 43. Kxd3 Be5 44. Ke4 Bg3 45. Kd5 h4 46. Rb6
1-0

[Event "Blitz chess"]
[Site "SchemingMind.com"]
[Date "2008.05.12"]
[Round "-"]
[White "keen"]
[Black "Schaakmaatje"]
[Result "1-0"]
[WhiteCountry "SCO"]
[BlackCountry "NED"]
[WhiteElo "1820"]
[WhiteRD "54"]
[BlackElo "1743"]
[BlackRD "46"]
[GameID "154552"]

1. d4 d5 2. e3 c6 3. Bd3 e6 4. Nd2 Bd6 5. f4 g5 6. Ngf3 gxf4 7. exf4 Bxf4 8. O-O Be3+ 9. Kh1 Nf6 10. Ne5 Bxd4
11. Ndf3 Bxe5 12. Nxe5 Nbd7 13. Bg5 Qc7 14. Nxf7 Kxf7 15. Qh5+ Ke7 16. Qh4 Qe5 17. Rae1 Qxb2 18. Qg4
1-0

[Event "Blitz chess"]
[Site "SchemingMind.com"]
[Date "2008.05.11"]
[Round "-"]
[White "keen"]
[Black "Joe Daudish"]
[Result "0-1"]
[WhiteCountry "SCO"]
[BlackCountry "USA"]
[WhiteElo "1820"]
[WhiteRD "54"]
[BlackElo "1758"]
[BlackRD "44"]
[GameID "154553"]

1. d4 d5 2. e3 Nf6 3. Bd3 e6 4. Nd2 c5 5. c3 Nc6 6. f4 Be7 7. Ngf3 c4 8. Bc2 Bd7 9. Ne5 O-O 10. O-O b5
11. g4 g6 12. h4 Nxe5 13. fxe5 Ne8 14. h5 Bg5 15. Nf3 Bh6 16. Rf2 f5 17. g5 Bxg5 18. Nxg5 Qxg5+ 19. Rg2 Qe7 20. hxg6 hxg6
21. Rxg6+ Ng7 22. Qh5 Be8 23. e4 Bxg6 24. Qxg6 fxe4 25. Bg5 Qf7 26. Qxf7+ Rxf7 27. a4 bxa4 28. Bd1 Nf5 29. Bg4 Rg7
0-1

[Event "Blitz chess"]
[Site "SchemingMind.com"]
[Date "2008.05.11"]
[Round "-"]
[White "keen"]
[Black "Krizar"]
[Result "1/2-1/2"]
[WhiteCountry "SCO"]
[BlackCountry "CRO"]
[WhiteElo "1820"]
[WhiteRD "54"]
[BlackElo "1546"]
[BlackRD "98"]
[GameID "154554"]

1. d4 Nf6 2. e3 d5 3. Bd3 e6 4. Nd2 Be7 5. f4 b6 6. Ngf3 c5 7. c3 cxd4 8. exd4 Ba6 9. Bc2 Nbd7 10. Ne5 Rc8
11. g4 Nxe5 12. fxe5 Nd7 13. Nf3 Bh4+ 14. Kd2 Bg5+ 15. Ke1 Bh4+ 16. Kd2 Bg5+ 17. Ke1 Bh4+ 18. Kd2
1/2-1/2

[Event "Blitz chess"]
[Site "SchemingMind.com"]
[Date "2008.05.12"]
[Round "-"]
[White "startstek"]
[Black "keen"]
[Result "1-0"]
[WhiteCountry "ALG"]
[BlackCountry "SCO"]
[WhiteElo "2153"]
[WhiteRD "116"]
[BlackElo "1796"]
[BlackRD "57"]
[GameID "154555"]

1. e4 c5 2. Nf3 Nc6 3. d4 cxd4 4. Nxd4 d6 5. Nc3 Nf6 6. Bg5 g6 7. Bxf6 exf6 8. Bc4 Bg7 9. Ndb5 O-O 10. Qxd6 Qxd6
11. Nxd6 Ne5 12. Bb3 f5 13. Nd5 Nc6 14. O-O-O fxe4 15. Nxe4 Bf5 16. Nd6 Nd4 17. Ne7+ Kh8 18. Nxf7+ Rxf7 19. Bxf7 Ne2+ 20. Kb1 Nd4
21. Nxf5 Nxf5 22. Rd7 b6 23. Rhd1 Bf6 24. Re1 Nh4 25. g3 Nf3 26. Re8+ Rxe8 27. Bxe8 Nxh2 28. Rxa7 Bd4 29. f4 Nf3 30. c3 Bf2
31. Rd7 Bxg3 32. Rd3
1-0

[Event "Blitz chess"]
[Site "SchemingMind.com"]
[Date "2008.05.12"]
[Round "-"]
[White "alejandroales"]
[Black "keen"]
[Result "0-1"]
[WhiteCountry "ARG"]
[BlackCountry "SCO"]
[WhiteElo "1673"]
[WhiteRD "90"]
[BlackElo "1820"]
[BlackRD "54"]
[GameID "154557"]

1. d4 d5 2. c4 e6 3. Nc3 Nf6 4. Bg5 Be7 5. Nf3 O-O 6. e3 h6 7. Bf4 c5 8. cxd5 exd5 9. Rc1 Nc6 10. dxc5 Bxc5
11. Be2 d4 12. exd4 Nxd4 13. O-O Ne6 14. Be5 Qe7 15. Nd5 Nxd5 16. Qxd5 Rd8 17. Qb3 b6 18. Rfe1 Bb7 19. Qc3 Rac8 20. Qb3 Bd5
21. Bc4 Bxc4 22. Rxc4 Qb7 23. Rec1 Qd5 24. h3 b5 25. R4c3 Qxb3 26. axb3 b4 27. Rc4 Rd3 28. Rxb4 Bxf2+ 29. Kxf2 Rxc1 30. Bc3 Rc2+
31. Kf1 Rd1+ 32. Ne1 Rcc1 33. Ke2 Rd7 34. Nd3 Rc2+ 35. Kd1 Rxg2
0-1

[Event "Blitz chess"]
[Site "SchemingMind.com"]
[Date "2008.05.12"]
[Round "-"]
[White "Schaakmaatje"]
[Black "keen"]
[Result "1/2-1/2"]
[WhiteCountry "NED"]
[BlackCountry "SCO"]
[WhiteElo "1743"]
[WhiteRD "46"]
[BlackElo "1820"]
[BlackRD "54"]
[GameID "154558"]

1. e4 c5 2. Nf3 d6 3. d4 cxd4 4. Nxd4 Nc6 5. Be3 Nf6 6. Nc3 g6 7. f3 Bg7 8. Bc4 O-O 9. O-O Bd7 10. Qd2 Ne5
11. Bb3 a6 12. Nd5 Rc8 13. c3 Nxd5 14. Bxd5 Qc7 15. Rac1 Nc4 16. Bxc4 Qxc4 17. b3 Qc7 18. f4 Bc6 19. Nxc6 Qxc6 20. Qd3 Rc7
21. c4 Qd7 22. f5 Rfc8 23. Bd4 Bxd4+ 24. Qxd4 Rd8=
1/2-1/2

[Event "Blitz chess"]
[Site "SchemingMind.com"]
[Date "2008.05.12"]
[Round "-"]
[White "Joe Daudish"]
[Black "keen"]
[Result "1/2-1/2"]
[WhiteCountry "USA"]
[BlackCountry "SCO"]
[WhiteElo "1758"]
[WhiteRD "44"]
[BlackElo "1820"]
[BlackRD "54"]
[GameID "154559"]

1. d4 d5 2. Nf3 e6 3. Bf4 Nf6 4. h3 c5 5. e3 Nc6 6. c3 Be7 7. Bd3 O-O 8. O-O Re8 9. Nbd2 cxd4 10. exd4 Bf8
11. Re1 g6 12. Ne5 Bg7 13. Nxc6 bxc6 14. Nf3 Qb6 15. Qb3 Bd7 16. Qxb6 axb6 17. a3 c5 18. Bc7 c4 19. Bc2 b5 20. Be5 Nh5
21. Bxg7 Kxg7 22. Ne5 Re7 23. Nxd7 Rxd7 24. g3 Nf6 25. Kg2 Rb7 26. b3 Rab8 27. b4 Nd7 28. a4 bxa4 29. Rxa4 Nb6 30. Ra6 Ra8
31. Rea1 Rxa6 32. Rxa6 Kf6 33. f4 Ke7 34. Ba4 Nxa4 35. Rxa4=
1/2-1/2

[Event "Blitz chess"]
[Site "SchemingMind.com"]
[Date "2008.05.12"]
[Round "-"]
[White "Krizar"]
[Black "keen"]
[Result "0-1"]
[WhiteCountry "CRO"]
[BlackCountry "SCO"]
[WhiteElo "1546"]
[WhiteRD "98"]
[BlackElo "1820"]
[BlackRD "54"]
[GameID "154560"]

1. d4 d5 2. c4 e6 3. Nc3 Nf6 4. g3 Be7 5. Nf3 O-O 6. Bg2 c5 7. cxd5 Nxd5 8. O-O Nc6 9. e4 Nxc3 10. bxc3 cxd4
11. cxd4 Re8 12. Bb2 Rb8 13. Qb3 Bf8 14. Rad1 Qc7 15. d5 exd5
0-1

[Event "Blitz chess"]
[Site "SchemingMind.com"]
[Date "2008.05.18"]
[Round "-"]
[White "dvaldez"]
[Black "startstek"]
[Result "0-1"]
[WhiteCountry "CAN"]
[BlackCountry "ALG"]
[WhiteElo "1883"]
[WhiteRD "83"]
[BlackElo "2195"]
[BlackRD "108"]
[GameID "154859"]

1. e4 e5 2. Nf3 Nc6 3. Bb5 a6 4. Ba4 Nf6 5. O-O Be7 6. Re1 b5 7. Bb3 d6 8. c3 O-O 9. h3 Nb8 10. d4 Nbd7
11. Nbd2 Bb7 12. Bc2 Re8 13. Nf1 Bf8 14. Ng3 g6 15. a4 c5 16. d5 c4 17. Bg5 h6 18. Be3 Nc5 19. Qd2 h5 20. Bh6 Nh7
21. axb5 axb5 22. Rxa8 Qxa8 23. Bxf8 Rxf8
0-1

[Event "Blitz chess"]
[Site "SchemingMind.com"]
[Date "2008.05.13"]
[Round "-"]
[White "dvaldez"]
[Black "keen"]
[Result "1-0"]
[WhiteCountry "CAN"]
[BlackCountry "SCO"]
[WhiteElo "1903"]
[WhiteRD "94"]
[BlackElo "1820"]
[BlackRD "54"]
[GameID "154861"]

1. e4 c5 2. Nf3 d6 3. d4 cxd4 4. Nxd4 Nc6 5. Nc3 Nf6 6. Be2 g6 7. Be3 Bg7 8. Qd2 O-O 9. O-O a6 10. f4 b5
11. Nxc6 Qc7 12. Nd4 Bb7 13. Bf3 Rac8 14. a3 e6 15. Rad1 Rfd8 16. Kh1 e5 17. Nb3 Qc4 18. Na5 Qc7 19. Nxb7 Qxb7 20. fxe5 dxe5
21. Qxd8+ Rxd8 22. Rxd8+ Bf8 23. Bh6 Nd7 24. Rd1
1-0

[Event "Blitz chess"]
[Site "SchemingMind.com"]
[Date "2008.05.13"]
[Round "-"]
[White "dvaldez"]
[Black "alejandroales"]
[Result "1-0"]
[WhiteCountry "CAN"]
[BlackCountry "ARG"]
[WhiteElo "1905"]
[WhiteRD "81"]
[BlackElo "1711"]
[BlackRD "82"]
[GameID "154862"]

1. e4 e6 2. d4 d5 3. Nd2 c5 4. exd5 exd5 5. Ngf3 Nc6 6. Bb5 Nf6 7. O-O Be7 8. dxc5 O-O 9. Nb3 a6 10. Bd3 Re8
11. Bg5 Qc7 12. h3 Ne5 13. Bf4 Nxf3+ 14. Qxf3 Qc6 15. Rfe1 Bd7 16. Be3 Bf8 17. Bd4 Ne4 18. Na5 Qc7 19. b4 Nxc5 20. Rxe8 Rxe8
21. bxc5 Qxa5 22. Qxd5 Bc6 23. Qf5 f6 24. Qxh7+ Kf7 25. Qg6+ Kg8 26. Bc4+
1-0

[Event "Blitz chess"]
[Site "SchemingMind.com"]
[Date "2008.05.18"]
[Round "-"]
[White "dvaldez"]
[Black "Schaakmaatje"]
[Result "1-0"]
[WhiteCountry "CAN"]
[BlackCountry "NED"]
[WhiteElo "1905"]
[WhiteRD "81"]
[BlackElo "1760"]
[BlackRD "46"]
[GameID "154863"]

1. e4 c5 2. Nf3 Nc6 3. d4 cxd4 4. Nxd4 e5 5. Nb5 a6 6. Nd6+ Bxd6 7. Qxd6 Qe7 8. Qd1 h6 9. Nc3 Nf6 10. Bc4 O-O
11. a4 d6 12. O-O Be6 13. Nd5 Qd8 14. Re1 Na5 15. Nxf6+ Qxf6 16. Bd5 Bxd5 17. Qxd5 Nc6 18. c3 Qe6 19. Rd1 Rad8 20. Be3 Qxd5
21. Rxd5 Rd7 22. Rad1 Rfd8 23. Bb6 Re8 24. Rxd6 Rde7 25. Kf1
1-0